Community Pharmacy Handbook. (Record no. 4353)

MARC details
000 -LEADER
fixed length control field 00507nam a22001937a 4500
003 - CONTROL NUMBER IDENTIFIER
control field OSt
005 - DATE AND TIME OF LATEST TRANSACTION
control field 20181002183905.0
008 - FIXED-LENGTH DATA ELEMENTS--GENERAL INFORMATION
fixed length control field 160613b xxu||||| |||| 00| 0 eng d
020 ## - INTERNATIONAL STANDARD BOOK NUMBER
International Standard Book Number 9780853697169
040 ## - CATALOGING SOURCE
Transcribing agency DNLM
082 ## - DEWEY DECIMAL CLASSIFICATION NUMBER
Classification number QV 737W291c 2008.
100 ## - MAIN ENTRY--PERSONAL NAME
Personal name Waterfield ,Jon
9 (RLIN) 9385
245 ## - TITLE STATEMENT
Title Community Pharmacy Handbook.
260 ## - PUBLICATION, DISTRIBUTION, ETC. (IMPRINT)
Place of publication, distribution, etc. London;
Name of publisher, distributor, etc. Pharmaceutical Press,
Date of publication, distribution, etc. 2008.
300 ## - PHYSICAL DESCRIPTION
Extent xiv,287p;
Other physical details col,ill;
Dimensions 24cm.
504 ## - BIBLIOGRAPHY, ETC. NOTE
Bibliography, etc includes index.
650 ## - SUBJECT ADDED ENTRY--TOPICAL TERM
Topical term or geographic name as entry element Pharmacy.
9 (RLIN) 9386
942 ## - ADDED ENTRY ELEMENTS (KOHA)
Source of classification or shelving scheme Other/Generic Classification Scheme
Koha item type Open Shelf
Holdings
Withdrawn status Lost status Source of classification or shelving scheme Damaged status Not for loan Home library Current library Date acquired Source of acquisition Inventory number Total Checkouts Full call number Barcode Date last seen Koha item type
    Other/Generic Classification Scheme     MUST Main Library MUST Main Library 13/06/2016   14/37938   QV 737W291c 2008. 2016-2467 13/06/2016 Open Shelf
    Other/Generic Classification Scheme     MUST Main Library MUST Main Library 14/06/2016   14/37939   QV 737W291c 2008. 2016-2474 14/06/2016 Open Shelf
    Other/Generic Classification Scheme     Pharmacy Department Library Pharmacy Department Library 02/10/2018   17/40353   QV 737W291c 2008. 2018-0352 02/10/2018 Short Loan